| 000 | 00678nam a2200217Ia 4500 | ||
|---|---|---|---|
| 003 | IN-BaIIA | ||
| 008 | 211028s9999 xx 000 0 eng d | ||
| 020 | _a3-540-50211-4 | ||
| 040 | _cIIA Library | ||
| 080 |
_a524.3-54 _bKIP |
||
| 100 |
_aKippenhahn, R. _910435 |
||
| 245 | 0 |
_aStellar structure and evolution _cR. Kippenhahn and A. Weigert |
|
| 260 |
_aBerlin _bSpringer-Verlag _c1990 |
||
| 300 | _axvi, 468p. | ||
| 490 | _aAstronomy and astrophysics library | ||
| 650 | _aAstronomy and Astrophysics Thesaurus | ||
| 650 | _aStellar evolution | ||
| 650 | _aStellar structure | ||
| 700 |
_aWeigert, A _917014 |
||
| 942 | _cBK | ||
| 999 |
_c10048 _d10048 |
||